000 00358nam a2200145Ia 4500
008 230917s9999||||xx |||||||||||||| ||und||
040 _e210551
_aMAIN
041 _aEnglish
082 _a658.3 M26S
100 _aMabey, Chirstopher
245 0 _aStrategic Human Resource Management
260 _aLondon
_bBlack Well
_c1995
300 _a501 p.
942 _cBK
999 _c89885
_d89885